Briar's Book / (Record no. 5041)

MARC details
000 -LEADER
fixed length control field 00872nam a22002657a 4500
001 - CONTROL NUMBER
control field 5041
003 - CONTROL NUMBER IDENTIFIER
control field FISKH
005 - DATE AND TIME OF LATEST TRANSACTION
control field 20241101131856.0
008 - FIXED-LENGTH DATA ELEMENTS--GENERAL INFORMATION
fixed length control field 241101b cb ||||| |||| 00| 0 eng d
020 ## - INTERNATIONAL STANDARD BOOK NUMBER
International Standard Book Number 9780590554114
040 ## - CATALOGING SOURCE
Original cataloging agency FISKH
Language of cataloging eng
Transcribing agency FISKH
Modifying agency FISKH
050 ## - LIBRARY OF CONGRESS CALL NUMBER
Classification number PZ7.P61464
082 ## - DEWEY DECIMAL CLASSIFICATION NUMBER
Classification number 813.54
100 ## - MAIN ENTRY--PERSONAL NAME
Personal name Pierce, Tamora
245 ## - TITLE STATEMENT
Title Briar's Book /
Statement of responsibility, etc. by Tamora Pierce
250 ## - EDITION STATEMENT
Edition statement First Scholastic trade paperback printing , March 2000
260 ## - PUBLICATION, DISTRIBUTION, ETC.
Place of publication, distribution, etc. New York :
Name of publisher, distributor, etc. Scholastic ;
Date of publication, distribution, etc. 1999.
300 ## - PHYSICAL DESCRIPTION
Extent 258 pages :
Other physical details illustratios, maps ;
Dimensions 18 cm .
490 ## - SERIES STATEMENT
Series statement Circle of Magic
Volume/sequential designation Book 4
520 ## - SUMMARY, ETC.
Summary, etc. Briar, a young mage-in-training, and his teacher Rosethorn must use their magic to fight a deadly plague that is ravaging Summersea.
650 ## - SUBJECT ADDED ENTRY--TOPICAL TERM
Topical term or geographic name entry element young adult
Form subdivision fiction
700 ## - ADDED ENTRY--PERSONAL NAME
Personal name Ursula, Albano
Relator term designer
942 ## - ADDED ENTRY ELEMENTS (KOHA)
Source of classification or shelving scheme Dewey Decimal Classification
Koha item type Books
Suppress in OPAC No
Holdings
Withdrawn status Lost status Source of classification or shelving scheme Damaged status Not for loan Collection Home library Current library Shelving location Date acquired Total Checkouts Full call number Barcode Date last seen Price effective from Koha item type
    Dewey Decimal Classification     Fiction Footprints International School Library Network Toul Kork Campus Footprints International School Library Network Toul Kork Campus TTP Secondary Fiction Bookshelves 11/01/2024   PIE 813.54 PZ7.P61464 FIS01054 11/01/2024 11/01/2024 Books